000 00891nam a22002777a 4500
008 240821b mp ||||| |||| 00| 0 mon d
020 _a978-99978-50-94-2
035 _a7750
040 _aDXO45059
_bmon
_cMN-UlNLM
_dMN-UlNLM
_erda
041 _amon
082 _210-t
_a820
_bК- 41
100 _aКингсли.Ч.
245 0 _aУсны хүүхдүүд
245 0 _bДэлхийн сонгодог зохиол
245 0 _cорч. Б. Саруултуяа
250 _a1
264 _aУлаанбаатар
_bМөнхийн үсэг ХХК
_c2017
300 _a232х.
336 _2rdacontent
_atext
_btxt
337 _2rdamedia
_aunmediated
_bn
338 _2rdacarrier
_avolume
_bnc
505 _tЦагаан буга; Дэлхийн сонгодог зохиол; Зверев . М. Д; 0; 0
650 _a11129
942 _210-t
_cBK
999 _c1133047
_d1133104